Statistiken für Alle Länder und Hauptstädte der Erde

Klicken Sie hier um das Quiz zu spielen!

Allgemein

  • Dieses Quiz wurde 100 mal gespielt
  • Das Durchschnittsergebnis liegt bei 230 aus 392

Antwortstatistiken

codeCapital City / Country% Korrekt
Senegal
90%
Türkei
87%
Israel
85%
Frankreich
84%
Bosnien und Herzegowina
82%
Brasilien
82%
Italien
82%
Marokko
82%
Niederlande
82%
Österreich
82%
Polen
82%
Schweiz
82%
Ukraine
82%
Argentinien
81%
Finnland
81%
Kanada
81%
Katar
81%
Malta
81%
Norwegen
81%
Schweden
81%
Südkorea
81%
Vereinigte Staaten
81%
Albanien
79%
Chile
79%
Deutschland
79%
Georgien
79%
Griechenland
79%
Iran
79%
Island
79%
Kenia
79%
Liechtenstein
79%
Mexiko
79%
Russland
79%
Serbien
79%
Singapur
79%
Slowakei
79%
Zypern
79%
Amsterdam
78%
China
78%
Indonesien
78%
Jamaika
78%
Kolumbien
78%
Kroatien
78%
Pakistan
78%
Paris
78%
Rom
78%
Slowenien
78%
Thailand
78%
Tunesien
78%
Armenien
76%
Aserbaidschan
76%
Elfenbeinküste
76%
Ghana
76%
Irland
76%
Jerusalem
76%
Kyiv
76%
Moldawien
76%
Neuseeland
76%
Nordkorea
76%
Nordmazedonien
76%
Oman
76%
Rumänien
76%
Spanien
76%
Südafrika
76%
Uganda
76%
Ungarn
76%
Venezuela
76%
Ägypten
75%
Andorra
75%
Belgien
75%
Dänemark
75%
Eswatini
75%
Honduras
75%
Indien
75%
Japan
75%
Kamerun
75%
Kasachstan
75%
Kosovo
75%
Lesotho
75%
Nepal
75%
Panama
75%
Peru
75%
San Marino
75%
Sri Lanka
75%
Warschau
75%
Algerien
74%
Ankara
74%
Bangladesch
74%
Belarus
74%
Costa Rica
74%
Irak
74%
Libanon
74%
Luxemburg
74%
Malaysia
74%
Mongolei
74%
Moskau
74%
Nigeria
74%
Oslo
74%
Portugal
74%
Saudi-Arabien
74%
Somalia
74%
Uruguay
74%
Vereinigtes Königreich
74%
Vietnam
74%
Afghanistan
72%
Angola
72%
Äthiopien
72%
Australien
72%
Barbados
72%
Bern
72%
Ecuador
72%
Haiti
72%
Lettland
72%
Litauen
72%
Mauretanien
72%
Niger
72%
Papua-Neuguinea
72%
Philippinen
72%
Syrien
72%
Tschechien
72%
Dominikanische Republik
71%
Estland
71%
Kuwait
71%
Laos
71%
Monaco
71%
Paraguay
71%
Singapur
71%
Suriname
71%
Usbekistan
71%
Washington D.C.
71%
Wien
71%
Berlin
69%
Bhutan
69%
Botswana
69%
Buenos Aires
69%
Bulgarien
69%
Demokratische Republik Kongo
69%
Helsinki
69%
Kambodscha
69%
Kuba
69%
Madagaskar
69%
Mexiko-Stadt
69%
Montenegro
69%
Sarajevo
69%
Seoul
69%
Togo
69%
Turkmenistan
69%
Athen
68%
Bahrain
68%
Guatemala
68%
Rabat
68%
St. Lucia
68%
Stockholm
68%
Sudan
68%
Vaduz
68%
Zentralafrikanische Republik
68%
Belgrad
66%
Belize
66%
Brasília
66%
Dominica
66%
El Salvador
66%
Kirgisistan
66%
Libyen
66%
Nauru
66%
Ottawa
66%
Palau
66%
Sambia
66%
Seychellen
66%
Sierra Leone
66%
Tadschikistan
66%
Taiwan
66%
Teheran
66%
Tirana
66%
Tonga
66%
Trinidad und Tobago
66%
Tschad
66%
Valletta
66%
Brunei
65%
Burundi
65%
Dublin
65%
Eritrea
65%
Jordanien
65%
Kap Verde
65%
Kiribati
65%
Mali
65%
Nicaragua
65%
San Marino
65%
Vatikanstadt
65%
Vereinigte Arabische Emirate
65%
Benin
63%
Fidschi
63%
Föderierte Staaten von Mikronesien
63%
Gabun
63%
Guinea-Bissau
63%
Jakarta
63%
Namibia
63%
Peking
63%
Tansania
63%
Andorra la Vella
62%
Bahamas
62%
Bratislava
62%
Budapest
62%
Burkina Faso
62%
Chișinău
62%
Jemen
62%
Liberia
62%
Malawi
62%
Malediven
62%
Mosambik
62%
Reykjavík
62%
Samoa
62%
Santiago
62%
São Tomé und Príncipe
62%
Bangkok
60%
Bogotá
60%
Doha
60%
Kabul
60%
Komoren
60%
Marshallinseln
60%
Nairobi
60%
Osttimor
60%
Republik Kongo
60%
Tiflis
60%
Tokio
60%
Tuvalu
60%
Vatikanstadt
60%
Zagreb
60%
Antigua und Barbuda
59%
Äquatorial-Guinea
59%
Brüssel
59%
Dakar
59%
Dschibuti
59%
Gambia
59%
Guinea
59%
Islamabad
59%
Kingston
59%
Nikosia
59%
Pretoria | Kapstadt | Bloemfontein
59%
St. Vincent und die Grenadinen
59%
Baku
57%
Bukarest
57%
Kuwait-Stadt
57%
Mauritius
57%
Myanmar
57%
Panama-Stadt
57%
Ruanda
57%
Simbabwe
57%
Südsudan
57%
Tunis
57%
Vanuatu
57%
Grenada
56%
Kairo
56%
Lima
56%
London
56%
Pjöngjang
56%
Salomonen
56%
St. Kitts und Nevis
56%
Ulaanbaatar
56%
Wellington
56%
Bolivien
54%
Guyana
54%
Priština
54%
Vilnius
54%
Guatemala-Stadt
53%
Kuala Lumpur
53%
Ljubljana
53%
Skopje
53%
Kopenhagen
51%
Lissabon
51%
Luxemburg
51%
Madrid
51%
Prag
51%
São Tomé
51%
Caracas
50%
Havanna
50%
Tallinn
50%
Bissau
49%
Minsk
49%
Montevideo
49%
Neu-Delhi
49%
Sofia
49%
Taipeh
49%
Abu Dhabi
47%
Bagdad
47%
Maskat
47%
Monaco
47%
Port-au-Prince
47%
Accra
46%
Manila
46%
Riga
46%
San José
46%
Sri Jayawardenepura Kotte
46%
Algier
44%
Astana
44%
Canberra
44%
Jerewan
44%
Belmopan
43%
Damaskus
43%
Hanoi
43%
Kinshasa
43%
Malé
43%
Mogadischu
43%
Riad
43%
Addis Abeba
41%
Dhaka
41%
Kathmandu
41%
Phnom Penh
41%
Podgorica
41%
Quito
41%
San Salvador
41%
Tegucigalpa
41%
Beirut
40%
Duschanbe
40%
Freetown
40%
Jaunde
40%
Lomé
40%
Paramaribo
40%
Santo Domingo
40%
Windhoek
40%
Brazzaville
38%
Kampala
38%
La Paz | Sucre
38%
Port Moresby
38%
Taschkent
38%
Tripolis
38%
Aşgabat
37%
Luanda
37%
Niamey
37%
Bangui
35%
Dschibuti
35%
Gaborone
35%
Managua
35%
N'Djamena
35%
Ouagadougou
35%
Sanaa
35%
Yamoussoukro
35%
Asunción
34%
Bamako
34%
Bridgetown
34%
Khartum
34%
Vientiane
34%
Amman
32%
Asmara
32%
Banjul
32%
Georgetown
32%
Suva
32%
Bandar Seri Begawan
31%
Manama
31%
Maseru
31%
Nassau
31%
Nouakchott
31%
Antananarivo
29%
Bischkek
29%
Dodoma
29%
Libreville
29%
Lusaka
29%
Mbabane
29%
Palikir
29%
Porto-Novo | Cotonou
29%
Roseau
29%
Victoria
29%
Abuja
28%
Gitega
28%
Kigali
28%
Lilongwe
28%
Maputo
28%
Ngerulmud
28%
Port-of-Spain
28%
Praia
28%
South Tarawa
28%
Thimphu
28%
Yaren
28%
Castries
26%
Conakry
26%
Funafuti
26%
Honiara
26%
Malabo
26%
Moroni
26%
Port Vila
26%
Dili
25%
Harare
25%
Monrovia
25%
Naypyidaw
25%
Nukuʻalofa
25%
Basseterre
24%
Juba
24%
Kingstown
24%
Port Louis
24%
Saint John's
22%
Apia
21%
Majuro
21%
Saint George's
21%

Verteilung der Resultate

Perzentil nach korrekt beantworteten Fragen

Anzahl Personen mit jedem Resultat

Ihre Resultats-Entwicklung

Sie haben dieses Quiz noch nicht gespielt